| 000 | 00411nam a2200169Ia 4500 | ||
|---|---|---|---|
| 008 | 180424s9999 xx 000 0 und d | ||
| 084 | _a301.435 T1 | ||
| 100 | _a"Tibbitts, Clark" | ||
| 245 | 0 | _aAging in Today`s Society | |
| 250 | _a\\196000ENGGPCX | ||
| 260 | _aPrentice Hall | ||
| 260 | _b1960 | ||
| 260 | _cNEW JERSEY | ||
| 300 | _axix+418p | ||
| 500 | _aincludes index and biblioraphy | ||
| 942 | _cBK | ||
| 999 |
_c16577 _d16577 |
||